Szczegóły MARC21

Zarządzanie strategiczne : przedsiębiorstwo na progu XXI wieku /

005 -DATA I CZAS OSTATNIEJ MODYFIKACJI [,]
    • @
    • pole kontrolne
    • 20110113113456.0
020 -Międzynarod. znormalizowany nr książki - ISBN [ , ]
    • a
    • Numer ISBN
    • 9788370119164 Find
040 -Instytucja sporządzająca opis [ , ]
    • a
    • Instytucja, która sporządziła opis (NP)
    • SZCZ U/KLR
    • c
    • Instytucja, która sporządziła rekord (NP)
    • SZCZ U/KLR
    • d
    • Instytucja, która zmodyfikowała rekord (P)
    • SZCZU/MS
041 -Język dokumentu [0, ]
    • a
    • Język tekstu (P)
    • polski
044 -Kraj miejsca wydania [ , ]
    • a
    • Kraj miejsca wydania
    • Polska
942 -Rodzaj dokumentu [ , ]
    • c
    • Rodzaj dokumentu
    • Książka
245 -Strefa tytułu i oznaczenia odpowiedzialności [0,0]
    • a
    • Tytuł
    • Zarządzanie strategiczne : Find
    • b
    • Ciąg dalszy tytułu (NP)
    • przedsiębiorstwo na progu XXI wieku / Find
    • c
    • Pozostałe elementy strefy tytułu i oznaczenia odpowiedzialności (NP)
    • pod red. Barbary Olszewskiej ; aut. Maciej Czarnecki [i in.].
246 -Wariant tytułu [3,0]
    • a
    • Tytuł (NP)
    • Przedsiębiorstwo na progu XXI wieku
260 -Strefa adresu wydawniczego [ , ]
    • a
    • Miejsce wydania (P)
    • Wrocław :
    • b
    • Nazwa wydawcy (P)
    • Wydawnictwo Uniwersytetu Ekonomicznego we Wrocławiu,
    • c
    • Data wydania (P)
    • 2008.
300 -Strefa opisu fizycznego [ , ]
    • a
    • Określenie formy książki i/lub objętość (NP)
    • 245, [2] s. :
    • b
    • Oznaczenie ilustracji (NP)
    • il. ;
    • c
    • Format (NP)
    • 24 cm.
504 -Uwaga dot. bibliogr. załącznikowej [ , ]
    • a
    • Uwaga dot. bibliografii załącznikowej
    • Bibliogr.
080 -Uniwersalna Klasyfikacja Dziesiętna [ , ]
    • 2
    • Identyfikator wydania tablic
    • UDC-P058
    • 9
    • UKD
    • 5602
    • a
    • Symbol klasyfikacji
    • 658.1/.5:005.2
    • b
    • Dopowiedzenie
    • Zarządzanie strategiczne przedsiębiorstwa.
    • 4
    • UKD2
    • 7665
    • x
    • Poddział wspólny
    • (075.8)
    • c
    • Dopowiedzenie poddz. wspólnego
    • (Podręczniki dla szkół wyższych. Skrypty).
080 -Uniwersalna Klasyfikacja Dziesiętna [ , ]
    • 4
    • UKD2
    • 7665
    • x
    • Poddział wspólny
    • (075.8)
    • c
    • Dopowiedzenie poddz. wspólnego
    • (Podręczniki dla szkół wyższych. Skrypty).
980 -Symbol UKD [ , ]
    • a
    • UKD
    • 658.1/.5:005.2](075.8)
700 -Hasło dodatkowe - nazwa osobowa [1, ]
    • 9
    • KHW
    • 20766
    • a
    • Nazwa osobowa (NP)
    • Czarnecki, Maciej Find
    • c
    • Dopowiedzenie inne niż daty biograficzne (NP)
    • (ekonomia).
700 -Hasło dodatkowe - nazwa osobowa [1, ]
    • 9
    • KHW
    • 20767
    • a
    • Nazwa osobowa (NP)
    • Olszewska, Barbara Find
    • c
    • Dopowiedzenie inne niż daty biograficzne (NP)
    • (ekonomia).
    • e
    • Określenie rodzaju współpracy
    • Red.
    • d
    • Daty biograficzne (NP)
    • (1945- ).
710 -Hasło dodatkowe - nazwa ciała zbiorowego [2, ]
    • 9
    • KHW
    • 15691
    • a
    • Nazwa ciała zbiorowego lub nazwa geograficzna jako pierwszy element (NP)
    • Uniwersytet Ekonomiczny (Wrocław).
920 -ISBN [ , ]
    • a
    • ISBN
    • 978-83-7011-916-4 Find
Status udost. Numer inwentarzowy Lokalizacja Data inwentaryzacji Sygnatura
-2T.11218T2010-12-27 
-2TM.7697T2010-12-27 
-3TM.7834T2011-01-10 
-3TM.7835T2011-01-10TM.7835